An analysis of the long-run impact of fixed income and equity market performance on Australian and UK securitised property markets (Record no. 81660)
[ view plain ]
| 000 -LEADER | |
|---|---|
| fixed length control field | 01445cab a22002295a 4500 |
| 001 - CONTROL NUMBER | |
| control field | L147868 |
| 008 - FIXED-LENGTH DATA ELEMENTS--GENERAL INFORMATION | |
| fixed length control field | 090624s2009 xxkd f 000 0 eng d |
| 035 ## - SYSTEM CONTROL NUMBER | |
| System control number | (Sirsi) u147868 |
| 041 0# - LANGUAGE CODE | |
| Language code of text/sound track or separate title | eng |
| 100 1# - MAIN ENTRY--PERSONAL NAME | |
| Personal name | Cheong, Chee Seng |
| 245 03 - TITLE STATEMENT | |
| Title | An analysis of the long-run impact of fixed income and equity market performance on Australian and UK securitised property markets |
| 260 ## - PUBLICATION, DISTRIBUTION, ETC. | |
| Date of publication, distribution, etc. | 2009 |
| 490 #0 - SERIES STATEMENT | |
| Series statement | Journal of Property Investment and Finance |
| Volume/sequential designation | 27(3) 2009, 259-276(18) |
| 520 ## - SUMMARY, ETC. | |
| Summary, etc. | Re-evaluates the relationship between the securitised property market and the UK and Australian fixed income and general stock markets from July 1998 to June 2006. Previous studies have shown mixed results regarding the influence that equity and fixed income markets have on securitised property. Real Estate Management and Development companies' (REMDs) security prices in both Australia and the UK have a long-run co-integrative relationship with both the equity market and long-term interest rates. Listed property trusts (LPTs) in Australia utilise more long-terms debts than REMDs to finance their business operations. LPTs are not co-integrated with the bond market. Tables. Figures. Notes. References. |
| 590 ## - LOCAL NOTE (RLIN) | |
| Local note | KA |
| 651 #4 - SUBJECT ADDED ENTRY--GEOGRAPHIC NAME | |
| Geographic name | Australia |
| 651 #4 - SUBJECT ADDED ENTRY--GEOGRAPHIC NAME | |
| Geographic name | United Kingdom |
| Chronological subdivision | |
| 690 ## - LOCAL SUBJECT ADDED ENTRY--TOPICAL TERM (OCLC, RLIN) | |
| Topical term or geographic name as entry element | PROPERTY-COMMERCIAL PROPERTY-COMMERCIAL PROPERTY FINANCE AND INVESTMENT |
| 700 1# - ADDED ENTRY--PERSONAL NAME | |
| Personal name | Wilson, Patrick J. |
| 700 1# - ADDED ENTRY--PERSONAL NAME | |
| Personal name | Zurbruegg, Ralf |
| 942 ## - ADDED ENTRY ELEMENTS (KOHA) | |
| Suppress in OPAC | 0 |
| Withdrawn status | Lost status | Source of classification or shelving scheme | Damaged status | Not for loan | Home library | Current library | Shelving location | Date acquired | Total Checkouts | Full call number | Barcode | Date last seen | Copy number | Price effective from | Koha item type |
|---|---|---|---|---|---|---|---|---|---|---|---|---|---|---|---|
| Dewey Decimal Classification | London | London | Journal article | 24/06/2009 | L147868 | 147868-1001 | 06/08/2019 | 1 | 06/08/2019 | Journal article |